00679nam a2200181Ia 4500001001000000003000500010008004100015010001100056040000900067100003100076245017000107260003500277300001000312502008700322650001500409650002300424710005000447Para_1071CHAP220125s1996 xx 000 0 und d a199815 cCHAP aLópez Buenfil, Jose Abel aEscamas (Homoptera :b Coccocidea) prresentes en el cultivo de naranjo Citrus sinensis (L.) en el municipio de Escarcega, Campeche /c por Jose Abel López Buenfil aChapingo, Méx. :b El autor a72 h. aTesis (Ing. Agr. Esp. en Parasitología Agrícola), UACh. Depto. Parasitología aHomopteros aNaranja x plagas  aUACh. Departamento Parasitología Agrícola